BIBLIOTHÈQUE DE LA MAISON DU MEXIQUE

Logo 1 Logo 2

Vida y pasión de México (notice nᵒ 10658)

détails MARC
000 -Sello discográfico
campo de control de longitud fija 00719nam a2200265 4500
005 - Identificación de versión
campo de control 20251017062804.0
035 ## - Otros números de control del sistema
Número de control del sistema 15095
099 ## - fechas locales
Tipo de ítem Koha LIBRO
100 ## - Datos de procesamiento general
Datos de procesamiento general 20040120d1964 m y1spay5003 ba
105 ## - Campo de datos codificados: Material textual, monográfico
Datos codificados de monografía a 001zy
200 1# - Título y mención de responsabilidad
Título propio Vida y pasión de México
Designación general del material texto impreso
Otra información del título compendio de la historia mexicana
Primer mención de responsabilidad Alejandro Gómez Maganda
210 ## - Publicación, distribución, etc.
Lugar de publicación, distribución, etc. México
Nombre del editor, distribuidor, etc. Talleres Litográficos E.C.O.S.A
Fecha de publicación, distribución, etc. 1964
215 ## - Descripción física
Designación de material específico y extensión del ítem 372 p
Otras características físicas il.
Dimensiones 23 cm
345 ## - Nota de información de adquisición
Fuente de adquisición/dirección de la suscripción [OBSOLETO] Donación
607 ## - Nombre geográfico utilizado como tema
Elemento de entrada México
Subdivisión temática Historia
Número Koha 112
660 ## - Código de área geográfica
Código MX
676 ## - Clasificación Decimal Dewey
Número 972 G63v
700 ## - Nombre personal - Responsabilidad primaria
Elemento de entrada Gómez Maganda
Parte del nombre distinta del elemento de entrada Alejandro
Número Koha 17144
801 #0 - Fuente de origen
Agencia cm
900 ## -
-- 1/6077
900 ## -
-- 7100417838\200104
942 ## - ELEMENTOS DE ENTRADA SECUNDARIOS (KOHA)
Tipo de ítem Koha Livre

Pas d'exemplaire disponible.